[Event "Asian Continental op 15th"]
[Site "Tashkent"]
[Date "2016.06.02"]
[Round "8"]
[White "Adhiban, Baskaran"]
[Black "Le, Quang Liem"]
[Result "0-1"]
[WhiteElo "2665"]
[BlackElo "2718"]
[Annotator "Adhiban,B"]
[PlyCount "144"]
[EventDate "2016.05.26"]
[EventType "swiss"]
[EventRounds "9"]
[EventCountry "UZB"]
[SourceTitle "CBM 173"]
[Source "ChessBase"]
[SourceDate "2016.07.12"]
[SourceVersion "1"]
[SourceVersionDate "2016.07.12"]
[SourceQuality "1"]

1. e4 e5 2. Nf3 Nc6 3. Bc4 Bc5 4. b4 $5 {The Evergreen Evans!} Bxb4 5. c3 Ba5
6. d4 d6 7. Qb3 Qd7 8. Nbd2 (8. dxe5 Bb6 {looks totally fine for Black.}) 8...
Bb6 9. O-O Na5 10. Qc2 Ne7 11. dxe5 O-O 12. Ba3 Ng6 13. exd6 cxd6 {[%cal Gg6f4,
Gd7g4] Black has a very clear plan of kingside intiative.} 14. Nd4 {Finally I
deviate from Short-Fressinet 2015.} Bc5 $6 (14... Rd8 $1 $132) 15. Bb4 (15.
Bxc5 dxc5 16. Nf5 {didn't look too inspiring but was possibly a stronger
option than the game continuation!}) 15... Nxc4 16. Nxc4 Bxb4 17. cxb4 d5 18.
exd5 {Here I offered draw.} Qxd5 {Later on in an old article I read a comment
by Le which said,"I love to play chess and hence I like to fight in every
position rather than make premature draws!" Sorry Le for offering a draw :), I
give you my word that I won't make premature draws!} 19. Rfd1 {Looks
completely normal but actually allows Black to seize the intiative.} (19. Rad1
$1 {Black has to show some accuracy to achieve equality.} Bg4 20. f3 Rac8 21.
Ne3 Qg5 22. Qf2 Bd7 23. f4 {One of the reasons why Rad1 was preferable.} Qh4
24. Qxh4 Nxh4 25. f5 Rfe8 26. Rd3 Rcd8 $1 $11) 19... Bg4 $1 {A nice trick to
keep the pressure on White.} 20. f3 Rac8 21. Rac1 {It wasn't necessary to come
under pressure on the c-file.} (21. Ne3 Qg5 22. Qf2 Bd7 $15) 21... Be6 $1 (
21... Ne5 22. Ne3 $1) 22. Nxe6 Qxe6 {The position does seem innocently equal,
but Black is more comfortable I felt.} 23. Qe4 $5 {Offering to weaken the
structure to reduce the pressure.} Qa6 $1 (23... Qxe4 24. fxe4 {is totally
fine for White.}) 24. a3 $6 {A pretty useless waste of time.} (24. Na5 $5 b6
25. Rxc8 (25. Qb7 $2 Qe2 $5 26. Qxc8 Rxc8 27. Rxc8+ Nf8) 25... Rxc8 26. Qb7
Qxb7 27. Nxb7 {with an equal endgame.}) 24... h6 $1 25. Na5 b6 26. Nc4 (26.
Rxc8 $5 Rxc8 27. Nc6 $1 Qxa3 28. h4 $1 $44 {with active piece play for the
pawn.}) 26... Rc7 $1 {Here I really started to feel the pressure since the pin
on c-file wasn't easy to parry and felt Black's advantage was increasing by
each move.} 27. Rc2 Rfc8 28. Rdc1 Qa4 29. Kf2 $5 {Preparing Ne3 and hence keep
some protection over that square.} Re8 30. Qf5 Re6 $1 {A nice idea preventing
any Nd6 jumps and Qd7-e7 is a serious threat. I felt that my position was
hanging by a thread!} 31. g3 {I decided to make this provocative move to
control the knight and mainly prepare against Qd7-e7-h4 that I didn't see his
other main threat.} (31. Rd2 $1 {was the best defence.}) 31... b5 $6 (31... Qd7
$1 $17) 32. Ne3 Rxc2+ 33. Qxc2 (33. Nxc2 {I still don't know why I rejected
this.} Rc6 (33... Qb3 34. Rd1 $1) 34. Qd3 {holding on.} Ne5 35. Qe4) 33... Qxa3
34. Qc3 Qxc3 35. Rxc3 {Pawn is lost but white has decent chances of saving the
game.} Ne7 36. f4 Kf8 37. Ng4 $5 {Preparing Rc7.} Nc6 38. f5 Rd6 39. f6 g6 (
39... Kg8 $1 {was winning on the spot.}) 40. Kg2 $1 Re6 (40... Ke8 41. Nxh6) (
40... h5 41. Ne5 {was the trick.}) 41. Nxh6 Rxf6 42. g4 {Hoping to create some
interesting disturbances on the kingside.} Rd6 43. g5 Ke8 44. Rf3 Rd2+ (44...
Nxb4 45. Rxf7 Nc6 $19 {was the easiest way.}) 45. Kg1 Rd7 46. Rf4 Nd4 47. Rf6 {
Tactically preventing ...Ne6.} Ne2+ 48. Kg2 Nc3 49. Rc6 Nd5 50. Rc5 a6 51. Ng4
Ke7 52. Ne5 Rd6 53. Kf3 Nxb4 54. Rc7+ Ke6 55. Nxf7 Rd2 (55... Nd5 $1 {Gaining
a crucial tempo attacking the rook and bringing back the knight to the defence.
} 56. Ra7 Rb6 $1 $19 (56... Rd7 57. Rxd7 Kxd7 58. Ne5+ Ke6 59. Nxg6 (59. Ke4
Ne7) 59... Kf5 {should be winning.} 60. Nf8 $1 Kxg5 61. Ke4 $1 Nc7 62. Nd7 $11
{White is just in time to hold the pawns.})) (55... Rd7 56. Rxd7 Kxd7 57. Ne5+
Ke6 58. Ke4 $1 {Here White has much better chances to save than in 55...Nd5.})
56. h4 Nd5 57. Nd8+ Ke5 58. Nf7+ $6 (58. Rc6 $5 {was the best try I felt
during the game, though after} b4 (58... Rd3+ 59. Kf2 Nf4 60. Nf7+) 59. Rxg6 b3
{It is not easy to stop the pawn.}) ({Comp's recommendation is} 58. Ra7 $1 {
keeping the c6-square free for the knight.}) 58... Kd4 {Now it is quite
difficult for white since the black king is too advanced and also the pawns
become the Unstoppable force :)!} 59. Rc6 b4 60. Rxg6 b3 61. Rg8 b2 62. Rb8 Kc5
(62... a5 {looked like the simplest.}) 63. Rc8+ Nc7 $1 {The cleanest.} 64.
Rxc7+ Kb6 65. Rc8 Kb7 66. Rd8 {What else?} Rxd8 67. Nxd8+ Kc8 68. Ne6 b1=Q 69.
Nf4 Kd7 70. h5 Qf5 71. g6 Qg5 72. Ke4 Kd6 {Le played exhibited strong
middlegame skills grinding out a equal position in the Style of World Champion
Magnus Carlsen, the endgame was full of adventures with inaccuracies on both
sides. This defeat showed that I still have a lot to learn :) before I can
face off against the best in the next year's Tata Steel Masters!} 0-1

[Event "SWE-ch"]
[Site "Falun"]
[Date "2012.07.08"]
[Round "2"]
[White "Berg, Emanuel"]
[Black "Lindberg, Bengt"]
[Result "1/2-1/2"]
[WhiteElo "2573"]
[BlackElo "2409"]
[Annotator "Berg,E"]
[PlyCount "183"]
[EventDate "2012.07.07"]
[EventType "tourn"]
[EventRounds "9"]
[EventCountry "SWE"]
[EventCategory "9"]
[SourceTitle "CBM 149 Extra"]
[Source "ChessBase"]
[SourceDate "2012.08.24"]
[SourceVersion "1"]
[SourceVersionDate "2012.08.24"]
[SourceQuality "1"]

1. e4 e5 {This came as a surprise to me and it was also the first time my
opponent had played this move. I spontanously decided to go for a counter
surprise, avoiding both the Spanish and the Scotch.} 2. Nf3 Nc6 3. Bc4 Bc5 4.
b4 {Although I barely knew any theory at all on this move I thought it would
be a good chance to get my opponent out into unknown waters at an early stage.
Then Evans is a dangerous surprise weapon, but to my knowledge Black should
equalise with correct defence.} Bxb4 5. c3 Ba5 6. d4 exd4 {Somewhere around
here my theoretical knowledge came to an end. Having a look at the database, 7.
Qb3 seems to be the most fashionable move nowadays. Instead I went for the old
mainline.} 7. O-O {I can't find any recent top level games with this move.} ({
After} 7. Qb3 {Black must defend by either 7...Qe7 or 7...Qf6, but both of
them seems to do theoretically fine.}) 7... Nge7 {This is the move that has
been played by everyone in recent years. Black simply prepares to play ...d5
to get counterplay in the centre.} (7... d6 {was played a few years back, but
White seems to get a good game after} 8. Qb3 Qe7 (8... Qf6 9. cxd4 $14) 9. e5
$1 {with a strong initiative. After} dxe5 {the only move played so far is 10.
Ba3. However one of the novelties} 10. cxd4 {or} (10. Re1 {might be even
stronger as suggested by my computer.})) 8. cxd4 {Not knowing the theory I
decided to go for the most simple solution, grabbing the centre.} ({Instead} 8.
Ng5 {forces the game into wild complications.} d5 (8... Ne5 $2 9. Nxf7 (9. Bb3
$5 {is also interesting, but after correct defence Black is doing fine.} d5 $1
(9... O-O $2 10. cxd4 N5g6 $4 ({After} 10... h6 11. dxe5 hxg5 12. Bxg5 d6 {
Black could still fight on, although White's advantage is obvious.}) 11. Qh5 h6
12. Nxf7 Rxf7 13. Bxf7+ Kxf7 14. Qxa5 $18 {Verkasalo-Tahvanainen, FIN-chJ 1998}
) (9... f6 $2 10. cxd4 fxg5 11. dxe5 $16 {left Black in a difficult position
in 1-0 (37) Jaros,M-Hubner,P Svetla nad Sazavou 1999}) 10. cxd4 (10. exd5 {
- 8. ..d5}) 10... N5g6 (10... Nc4 $6 {gives White the common tactical
possibility} 11. Bxc4 dxc4 12. Nxf7 Kxf7 13. Qh5+ {when White has the better
chances in view of Black's vulnerable king combined with the appearance of
opposite coloured bishops.}) (10... Ng4 $5 11. h3 Nh6 12. Qd3 $1 {preparing
Nc3 gives White a nice initiative and full compensation for the sacrificed
pawn. Black is struggling both with the safety of his own king and the
missplaced knight on h6.}) 11. Qh5 c6 12. f4 {Now after} f5 $146 {Black
remains solid, but White has got compensation for the sacificed material.} ({
Instead the game 1-0 (23) Della Morte,G (2341)-Ricciardi,G Villa Ballester
2010 continued} 12... Ng8 $2 {when after} 13. f5 Nf6 14. Qe2 Ne7 15. e5 {
White had a crushing initiative and went on to win the game rather quickly.}))
(9. Qh5 $2 {fails to} g6 $17) 9... Nxf7 10. Bxf7+ $16 Kxf7 11. Qh5+ Ng6 (11...
g6 12. Qxa5 {1-0 (41) Sax,G (2400)-Honfi,K (2435) Budapest 1971; is better for
White in view of Blacks vulnerable king.}) 12. Qd5+ {forcing the K to retreat
to a worse square.} Kf8 13. Qxa5 d3 (13... d5 $6 {is a light-hearted attempt
to finish development quickly.} 14. exd5 Kf7 15. cxd4 Re8 16. Nc3 $14 {
defending Pd5.} (16. Nd2 $6 {allows Black to get back the d5-pawn without a
fight.} b6 (16... Nf4 17. Nf3 Nxd5 {Now the N has an excellent blockading
square on d5.} 18. Bg5 Qd6 19. Ne5+ Kg8 20. Rae1 b6 21. Qb5 Bb7 $13 {
Sertic-Stepic, CRO-chT U20 Medulin 1997}) 17. Qc3 Bb7 $15 {and White's pawn
structure remains worse.})) 14. Rd1 d6 15. Rxd3 Qe7 $11) (8... O-O $4 {loses to
} 9. Qh5 h6 10. Nxf7) 9. exd5 (9. Nxf7 Kxf7 10. exd5 Ne5 11. Bb3 {1-0 (31)
Hughey,M-South,F Alberta 2000; is an interesting piece sacrifice that is worth
investigating further.}) 9... Ne5 (9... Nxd5 $4 10. Nxf7 Kxf7 11. Qf3+ $1 $146
Qf6 12. Bxd5+ $18 {is simply winning for White.}) 10. Bb3 {Here White has also
tried a few other moves, but keeping the bishop is the clearly favoured move
in top level games.} O-O {This is the critical starting position of the 8.Ng5
variation. So far White has failed to provide anything convincing. One
possible line is} (10... dxc3 {looks rather risky and gives White an
initiative after} 11. Qe2 f6 {and here} 12. Rd1 {is an improvement for White
as suggested by Lukacs.} (12. Ba3 $6 {0-1 (42) Ovetchkin,R (2519)-Lastin,A 
(2634) Krasnoyarsk 2003 CBM 098 [Lukacs]})) 11. Nxh7 Kxh7 12. Qh5+ Kg8 13. Qxe5
Nf5 {when Black is at least equal.}) 8... d5 9. exd5 Nxd5 {Black is ready to
castle. This has to be avoided if White wants to hope for an advantage.} 10.
Ba3 ({The main continuation is} 10. Qb3 Be6 11. Ba3 {when Black is under some
pressure. Now} (11. Qxb7 $6 Ndb4 {runs into trouble for White who is about to
get his queen trapped after ...Rb8 in the next move.}) 11... Qd7 {looks like
the best way forward for Black making long castling possible. It's not easy
for White to find a way to put further pressure on Black and he therfore risks
remaining a solid pawn down. The database statistics show a very good score
for Black, but objectively speaking I believe the position is rather balanced.
The most straightforward try for White is} 12. Ne5 Nxe5 13. Qxb7 $146 {This
spectacular move brings a pretty equal position. My computer gives the line} (
13. dxe5 {was seen in 1-0 (44) Mitlasovszki,I (2051)-Jamalieh,F Budapest 1999
but here Black is doing more than fine objectively. After the game continuation
} O-O-O {Black was just a solid pawn up.}) 13... Qc8 ({Also possible is} 13...
Rd8 14. dxe5 c6 15. Qb3 {but I suppose Black is more comfortable without
queens, at least in a practical battle over the board.}) 14. Bxd5 Qxb7 15. Bxb7
Rb8 16. Be4 {with equal chances.}) 10... Be6 11. Nbd2 (11. Bb5 {looks tempting
for White, but after} Bb4 $1 {Black is very solid.} 12. Bxc6+ {After} (12. Ne5
Bxa3 (12... O-O) 13. Nxc6 bxc6 14. Bxc6+ Ke7 15. Nxa3 Rb8 16. Nc4 Nc3 17. Qh5
Qxd4 18. Rad1 Nxd1 19. Rxd1 g6 20. Qg5+ f6 21. Qc1 Qxc4 {0-1 (21) Yeo,M (2110)
-Ledger,D (2260) Liverpool 2008}) 12... bxc6 13. Bxb4 Nxb4 14. Qa4 Qd6 15. Nc3
{1/2-1/2 (63) Vainio,V-Heino,J (2132) Finland 2000; the position is pretty
balanced.}) (11. Qb3 {transposes to 10.Qb3.}) 11... Bb4 $1 {An important
resource that limits White's counterplay to a minimum.} 12. Bxb4 Ncxb4 13. Ne4
$146 {At this stage I had already given up the idea of keeping Black's king in
the centre. Instead White hopes that his active piece play should bring
counterplay.} ({The game 1/2-1/2 (97) Muzychuk,A (2469)-Kosteniuk,A (2515)
Heraklio 2007 saw} 13. Qa4+ Nc6 ({Black could also equalise by tactical means
after} 13... c6 14. a3 O-O $1 15. axb4 b5 16. Bxb5 cxb5 17. Qxb5 Qb6 $11 {
with a balanced game.}) 14. Bb5 (14. Ba6 $5 Qc8 15. Ne5 O-O 16. Nxc6 bxa6 {
would have given White some initiative, although objectively Black is doing
fine.}) 14... Nde7 (14... O-O 15. Bxc6 bxc6 $11) 15. Rab1 O-O 16. Bxc6 bxc6 $15
{1/2-1/2 (97) Muzychuk,A (2469)-Kosteniuk,A (2515) Heraklio 2007; when Black
had the somewhat better chances.}) 13... O-O 14. Nc5 Bg4 $1 {A good decision,
playing for counterplay rather than defending b7.} 15. a3 ({A better try was} 
15. h3 Bxf3 16. Qxf3 Nb6 17. Bb3 Qxd4 18. Rac1 {when White has full
compensation for the sacrificed material. The strong bishop on b3 could bring
long term pressure to bear on Black's position.}) 15... Nb6 {A nice counter
attack but even stronger was} (15... b5 $1 16. Bxb5 Nc3 17. Qb3 Nxb5 18. axb4
Bxf3 19. Qxf3 Nxd4 {when Black is sloghtly better but White has enough
counterplay to hold the draw.}) 16. Nxb7 Qf6 17. axb4 Nxc4 18. Rc1 Nb6 19. h3
Bxf3 20. Qxf3 Qxd4 {Black tries to play for material, but White has enough
active counterplay.} (20... Qxf3 $11) 21. b5 Qa4 $6 {A slight inaccuracy that
give White some initiative.} ({It would have been better to force an endgame
after} 21... Qd5 22. Rxc7 (22. Qxd5 Nxd5 23. Rfd1 Rab8 24. Rxd5 Rxb7 25. Rdc5
Rc8 26. g4 {is also enough for a draw. Black is too passive to make any use of
his extra pawn.}) 22... Qxf3 23. gxf3 {with an equal game.}) 22. Qf5 {Black
decides to give back his extra pawn and play for a draw.} (22. Rxc7 Qxb5 23.
Nd6 Qd5 24. Qf4 {[%cal Gd6f5] would have been an interesting possibility to
put further pressure on Black, but after} Qe6 25. Nf5 Nd5 26. Qg4 Qf6 27. Rc6
h5 $8 28. Rxf6 hxg4 29. Rd6 $11 {the position is liquidated into a drawn
endgame.}) 22... a6 23. bxa6 Qxa6 24. Rxc7 Ra7 $2 {This move gives the
advantage over to Black.} 25. Nc5 $2 {This move gives the advantage over to
Black.} (25. Qf3 {would have maintained some practical chances to play for a
win.}) 25... Qa5 {In timetrouble Bengt missed the opportunity} (25... Qxf1+ $1
26. Kxf1 Rxc7 {with a small plus for Black. However after} 27. g4 {White
should still be able to hold the draw.}) 26. Rxa7 Qxa7 27. Rd1 Qe7 28. Ne4 h6
29. Rd6 Nc4 (29... Rd8 $1 $11) 30. Rd7 Qe5 31. Qf3 Qe6 32. Rd1 Ne5 33. Qf4 Ng6
34. Qf3 Re8 35. Ng3 Ne5 36. Qf4 Ng6 37. Qa4 Rf8 38. Qb4 Qe7 39. Qa5 Qe5 40. Rd5
Qf4 41. Qa1 Rc8 42. Rd1 Rc2 43. Rf1 Qe5 44. Qa4 Rd2 {Here my opponent offered
me a draw. He is certainly not worse, but true to my fighting spirit I decided
to play on. The rest of the game is not too exciting, but at least I managed
to keep it going for a while (To the great disappointment of the arbiter and
the commentator I guess).} 45. Qg4 Rd4 46. Qc8+ Kh7 47. Rb1 Qd5 48. Rb8 {
Suddenly a mating threat has been created, but it's rather White, if anyone,
who is taking the risks here.} Nh4 ({Black missed the beautiful drawing
combination} 48... Rd1+ 49. Kh2 Qxg2+ $1 50. Kxg2 Nh4+ 51. Kh2 Nf3+ $11 {
with perpetual checks.}) 49. Qg8+ Kg6 50. Rb6+ f6 51. Qxd5 Rxd5 52. Rb7 Kh7 ({
My very last hope to win the game was the blunder} 52... Rd1+ 53. Kh2 Rd2 $2 {
which actually drops a piece after} 54. Rb4 {when Black however still should
be able to hold with} Nf3+ 55. gxf3 Rxf2+ 56. Kg1 Rxf3 {and the slight
material advantage for White is insufficient to win the game.} 57. Kg2 $14) 53.
Ne4 Kg8 54. Rb4 Ng6 55. Rb8+ Kf7 56. Rb7+ Kf8 57. g3 h5 58. h4 Ne5 59. Kg2 Ng4
60. Rc7 Kg8 61. Kf3 Ne5+ 62. Ke3 Ng4+ 63. Kf4 Nh6 64. Kf3 Ng4 65. Kf4 Nh6 66.
f3 Nf7 67. Rc6 Rd3 68. Rc8+ Kh7 69. Rc7 Kg6 70. Nc5 Rc3 71. Ne6 Rxc7 72. Nxc7
Ne5 73. Nd5 Kf7 74. Ke4 Nc4 75. Nf4 g6 76. Nd3 Nd6+ 77. Kf4 Nf5 78. Nc5 Nd4 79.
Ne4 Ne6+ 80. Ke3 Ke7 81. Kd3 g5 82. hxg5 fxg5 83. Ke3 Kf7 84. Nf2 Kf6 85. Ke4
Ng7 86. Kd5 Nf5 87. Ne4+ Kg6 88. Ke5 g4 89. fxg4 hxg4 90. Kf4 Nxg3 91. Nxg3 Kf6
92. Kxg4 1/2-1/2

[Event "Dortmund SuperGM 25th"]
[Site "Dortmund"]
[Date "1997.07.05"]
[Round "2"]
[White "Short, Nigel D"]
[Black "Huebner, Robert"]
[Result "1-0"]
[WhiteElo "2660"]
[BlackElo "2580"]
[Annotator "Blatny,P"]
[PlyCount "101"]
[EventDate "1997.07.04"]
[EventType "tourn"]
[EventRounds "9"]
[EventCountry "GER"]
[EventCategory "18"]
[SourceTitle "CBM 060"]
[Source "ChessBase"]
[SourceDate "1997.09.29"]
[SourceVersion "1"]
[SourceVersionDate "1997.09.29"]
[SourceQuality "1"]

1. e4 e5 2. Nf3 Nc6 3. Bc4 Bc5 4. b4 Bxb4 5. c3 Ba5 6. d4 d6 7. Qb3 Qd7 8. dxe5
Bb6 9. Nbd2 Na5 10. Qb4 Nxc4 (10... Ne7 11. exd6 Nec6 12. Qa4 O-O 13. Ba3 cxd6
14. O-O Bc5 15. Rad1 a6 16. Bxc5 dxc5 17. Qc2 Nxc4 18. Nxc4 Qc7 19. Ne3 f6 20.
Nd5 Qf7 21. h3 Be6 22. Rd2 h6 23. Rfd1 f5 24. e5 Bxd5 25. Rxd5 Nd4 26. R5xd4
cxd4 27. Nxd4 Rad8 28. e6 Qe7 29. Re1 Rd5 30. Qe2 {1/2-1/2 Maeder,K-Zuidema,C/
Amsterdam IBM-B 1969/MCD-r6}) 11. Nxc4 Bc5 12. Qb3 Ne7 13. O-O O-O 14. exd6
cxd6 15. Ba3 Qc7 16. Nd4 Bxa3 17. Nxa3 Nc6 18. Rfe1 Qe7 19. Rab1 Ne5 20. c4 a6
21. Nac2 Be6 22. Ne3 b5 23. Nd5 Bxd5 $2 (23... Qa7 24. Nf5 (24. Red1 bxc4 (
24... Nxc4 25. a4 Bxd5 26. exd5 Qc5 27. axb5 Qxd5 $15) 25. Qb7 Qxb7 26. Rxb7
Bxd5 $15) 24... Bxf5 25. exf5 bxc4 26. Qg3 Rab8 $15) 24. cxd5 Qf6 25. Nc6 $14
Rfe8 26. Rbc1 g6 27. h3 h5 28. Nxe5 Rxe5 (28... Qxe5 $142 $14 {Huebner}) 29.
Rc6 Qe7 30. f3 g5 31. Qb4 Rd8 32. Rxa6 f5 33. Qa5 fxe4 34. Ra7 Rd7 35. Rxd7
Qxd7 36. fxe4 g4 37. hxg4 hxg4 38. Qc3 Qa7+ 39. Qe3 Qxe3+ 40. Rxe3 Kf7 41. Kf2
Kf6 42. Re2 Re8 43. Ke3 g3 44. Kf4 Ra8 45. Rb2 Ra5 46. a3 Rxa3 47. Rxb5 Ra2 48.
Rb6 Rxg2 49. Rxd6+ Kf7 50. Kf3 Rg1 51. Re6 1-0

[Event "ESP-chT"]
[Site "Cordoba"]
[Date "1995.??.??"]
[Round "8"]
[White "Roa Alonso, Santiago"]
[Black "Alvarez Ibarra, Rafael"]
[Result "1-0"]
[WhiteElo "2360"]
[BlackElo "2445"]
[Annotator "ChessBase"]
[PlyCount "71"]
[EventDate "1995.??.??"]
[EventType "team"]
[EventRounds "9"]
[EventCountry "ESP"]
[SourceTitle "EXT 2000"]
[Source "ChessBase"]
[SourceDate "1999.11.16"]
[SourceVersion "1"]
[SourceVersionDate "1999.11.16"]
[SourceQuality "1"]

1. e4 e5 2. Nf3 Nc6 3. Bc4 Bc5 4. b4 Bxb4 5. c3 Ba5 6. d4 d6 7. Qa4 exd4 8.
Nxd4 Nge7 9. Bg5 Bb6 10. Bxe7 Kxe7 11. Nxc6+ bxc6 12. Qxc6 Bd7 13. Qd5 Be6 14.
Qd3 Bxc4 15. Qxc4 Re8 16. O-O Kf8 17. Nd2 Qg5 $2 (17... Qf6 $17) 18. Nf3 Qf6 (
18... Qf4 19. Rae1 Re6 20. Nd4 Rxe4 21. Ne6+) (18... Qg6 $1 19. Rfe1 Re6) 19.
Rae1 Rad8 (19... Rab8 20. Re2 (20. Nd4 Bc5 21. Nb3 Bb6 22. Nd4) 20... Bc5 21.
e5 $1) 20. Nd4 Kg8 21. Nc6 Ra8 22. a4 a5 23. Qd3 Re6 24. c4 Rae8 25. Re2 Qf4
26. g3 Qg4 27. Rfe1 Qh3 28. Kh1 f5 29. Qd5 Kh8 30. Nd8 c6 31. Qxe6 Rxe6 32.
Nxe6 fxe4 33. Ng5 Qf5 34. Rxe4 g6 {[#]} 35. Re7 Qxg5 36. Rd7 {Romero} 1-0